000 00856nam a2200241Ia 4500
003 OSt
005 20220923211400.0
006 a|||||r|||| 00| 0
007 ta
008 Pun
020 _a9788189284572 (hbk)
_c150
024 _a244,002
037 _b329, 08/10/2010, H.K. Prakashan
_cTextual
040 _aARTS
_cARTS
_bPun
041 _2Pun
_aPun
082 _aQ8441xJ34:g, 153P7
100 _aਗੁਮਟਾਲਾ, ਚਰਨਜੀਤ ਸਿੰਘ, ਥਦ.
245 0 _aਗੁਰੂ ਅਮਰਦਾਸ
_b ਜੀਵਨ ਅਤੇ ਦਰFਨ
260 _aਅੰਮ੍ਰਿਤਸਰ
_b ਰੂਹੀ ਪ੍ਰਕਾFਨ
_c2007
300 _a104ਪੰ
_ccm.
942 _hQ8441xJ34:g, 153P7
_cTEXL
_2CC
999 _c298966
_d298966